[Event "GER-ch44 V09 email"]
[Site "GER email"]
[Date "2012.04.25"]
[Round "?"]
[White "Anderskewitz, Ralf"]
[Black "Graefen, Klaus"]
[Result "1/2-1/2"]
[WhiteElo "2080"]
[BlackElo "2175"]
[PlyCount "73"]
[EventDate "2012.04.30"]
[EventType "tourn (corr)"]
[EventRounds "13"]
[EventCountry "GER"]
[SourceTitle "Corr 2015"]
[Source "ChessBase"]
[SourceDate "2015.07.17"]
[SourceVersion "1"]
[SourceVersionDate "2015.07.17"]
[SourceQuality "1"]

1. e4 e5 2. Nf3 Nc6 3. Bb5 a6 4. Ba4 Nf6 5. 0-0 b5 6. Bb3 Be7 7. Re1 0-0 8. c3 d5 9. exd5 Nxd5 10. Nxe5 Nxe5 11. Rxe5 c6 12. d4 Bd6 13. Re1 Qh4 14. g3 Qh3 15. Be3 Bg4 16. Qd3 Rae8 17. Nd2 Re6 18. a4 Qh5 19. axb5 axb5 20. Qf1 Bh3 21. Bd1 Qf5 22. Qe2 b4 23. Nc4 Nf4 24. Qf3 Bc7 25. Ne5 Bxe5 26. dxe5 bxc3 27. bxc3 Nd3 28. Qxf5 Bxf5 29. Re2 Nxe5 30. Bf4 Nf3+ 31. Kg2 Ne1+ 32. Kf1 Nd3 33. Rxe6 Bh3+ 34. Kg1 Bxe6 35. Bd6 Rd8 36. Bc7 Rc8 37. Bb6 1/2-1/2

[Event "GER-ch44 V09 email"]
[Site "GER email"]
[Date "2012.04.25"]
[Round "?"]
[White "Graefen, Klaus"]
[Black "Schwichow, Peter"]
[Result "1/2-1/2"]
[WhiteElo "2175"]
[BlackElo "2130"]
[PlyCount "50"]
[EventDate "2012.04.30"]
[EventType "tourn (corr)"]
[EventRounds "13"]
[EventCountry "GER"]
[SourceTitle "Corr 2015"]
[Source "ChessBase"]
[SourceDate "2015.07.17"]
[SourceVersion "1"]
[SourceVersionDate "2015.07.17"]
[SourceQuality "1"]

1. e4 c5 2. Nf3 d6 3. d4 cxd4 4. Nxd4 Nf6 5. Nc3 a6 6. Be3 e5 7. Nf3 Be7 8. Bc4 0-0 9. 0-0 Nc6 10. Bg5 Be6 11. Bb3 Nd7 12. Bxe7 Qxe7 13. Nd5 Qd8 14. Qe2 Nc5 15. Rad1 Rc8 16. Rfe1 b5 17. c3 Nxb3 18. axb3 Ne7 19. Nxe7+ Qxe7 20. b4 Rfd8 21. Nd2 f6 22. Nf1 d5 23. exd5 Bxd5 24. Ng3 Qb7 25. f3 Rd7 1/2-1/2

[Event "GER-ch43 V10 email"]
[Site "GER email"]
[Date "2011.04.10"]
[Round "?"]
[White "Graefen, Klaus"]
[Black "Egelhof, Hans Peter"]
[Result "1-0"]
[WhiteElo "2182"]
[BlackElo "1968"]
[PlyCount "117"]
[EventDate "2011.04.18"]
[EventType "tourn (corr)"]
[EventRounds "10"]
[EventCountry "GER"]
[SourceTitle "Corr 2015"]
[Source "ChessBase"]
[SourceDate "2015.07.17"]
[SourceVersion "1"]
[SourceVersionDate "2015.07.17"]
[SourceQuality "1"]
[WhiteTeam "Germany"]
[BlackTeam "Latvia"]
[WhiteTeamCountry "GER"]
[BlackTeamCountry "LAT"]

1. e4 d6 2. d4 Nf6 3. Nc3 g6 4. Bg5 Bg7 5. Qd2 Nbd7 6. 0-0-0 c5 7. Nge2 Qa5 8. Kb1 b5 9. dxc5 Nxc5 10. f3 Bb7 11. Bxf6 Bxf6 12. Nd5 Qxd2 13. Nxf6+ exf6 14. Rxd2 Ke7 15. Nc3 a6 16. Be2 Rhc8 17. Re1 Rc7 18. Bf1 Rd8 19. b3 Kf8 20. Kb2 b4 21. Nd1 d5 22. Ne3 Re7 23. exd5 f5 24. d6 Re6 25. Rd4 Rdxd6 26. Rxb4 Re5 27. Rc4 Ne6 28. f4 Re4 29. g3 Rd2 30. Rxe4 fxe4 31. Re2 Rd6 32. c3 g5 33. fxg5 Nxg5 34. Rf2 Nf3 35. c4 Rh6 36. h3 Rg6 37. g4 h5 38. c5 hxg4 39. hxg4 Ke7 40. Bc4 a5 41. a3 Kf6 42. Kc3 Ke5 43. Bxf7 Rg5 44. b4 Kf4 45. Nc2 axb4+ 46. axb4 Rxg4 47. Bc4 Rg7 48. b5 Rc7 49. Kb4 Rc8 50. Rf1 Rc7 51. Ra1 Rc8 52. Ra7 Ba8 53. Rf7+ Kg3 54. Rf5 Rb8 55. Bd5 Nh4 56. Rh5 Ng6 57. Bxa8 Nf4 58. Rg5+ Kh4 59. Rg7 1-0

[Event "GER-ch43 V10 email"]
[Site "GER email"]
[Date "2011.04.10"]
[Round "?"]
[White "Tiemann, Hagen"]
[Black "Graefen, Klaus"]
[Result "1/2-1/2"]
[WhiteElo "2195"]
[BlackElo "2182"]
[PlyCount "81"]
[EventDate "2011.04.18"]
[EventType "tourn (corr)"]
[EventRounds "10"]
[EventCountry "GER"]
[SourceTitle "Corr 2015"]
[Source "ChessBase"]
[SourceDate "2015.07.17"]
[SourceVersion "1"]
[SourceVersionDate "2015.07.17"]
[SourceQuality "1"]
[WhiteTeam "Germany"]
[BlackTeam "Latvia"]
[WhiteTeamCountry "GER"]
[BlackTeamCountry "LAT"]

1. e4 e5 2. Nf3 Nc6 3. Bb5 a6 4. Ba4 b5 5. Bb3 Nf6 6. 0-0 Bc5 7. c3 d6 8. a4 Bg4 9. axb5 axb5 10. Rxa8 Qxa8 11. h3 Bh5 12. d3 h6 13. Nbd2 Ne7 14. d4 exd4 15. cxd4 Bb6 16. Qe2 0-0 17. e5 dxe5 18. dxe5 Nfd5 19. Qxb5 Nf4 20. Kh2 Bg6 21. Qc4 Nd3 22. Nh4 Nxe5 23. Qc3 Qa5 24. Qxa5 Bxa5 25. Re1 N7c6 26. Nxg6 Nxg6 27. Rd1 Nd4 28. Ba4 Ra8 29. Nc4 c5 30. b3 Bc7+ 31. g3 Ne5 32. Ne3 Rb8 33. f4 Nef3+ 34. Kg2 Ba5 35. Kf2 Be1+ 36. Rxe1 Nxe1 37. Kxe1 Nxb3 38. Bb2 Nd4 39. Bc3 Ra8 40. Bd1 Ra2 41. h4 1/2-1/2

[Event "GER-ch43 V10 email"]
[Site "GER email"]
[Date "2011.04.10"]
[Round "?"]
[White "Wuttke, Johannes"]
[Black "Graefen, Klaus"]
[Result "1/2-1/2"]
[WhiteElo "2004"]
[BlackElo "2182"]
[PlyCount "47"]
[EventDate "2011.04.18"]
[EventType "tourn (corr)"]
[EventRounds "10"]
[EventCountry "GER"]
[SourceTitle "Corr 2015"]
[Source "ChessBase"]
[SourceDate "2015.07.17"]
[SourceVersion "1"]
[SourceVersionDate "2015.07.17"]
[SourceQuality "1"]
[WhiteTeam "Germany"]
[BlackTeam "Latvia"]
[WhiteTeamCountry "GER"]
[BlackTeamCountry "LAT"]

1. Nf3 Nf6 2. g3 b5 3. Bg2 Bb7 4. 0-0 e6 5. d3 d5 6. Nbd2 Nbd7 7. e4 dxe4 8. dxe4 Nxe4 9. Nxe4 Bxe4 10. Qe2 Bc6 11. Rd1 Bd6 12. Nd4 Bxg2 13. Kxg2 a6 14. Nf5 0-0 15. Nxd6 cxd6 16. Rxd6 Qc7 17. Bf4 Nf6 18. Be5 Qb7+ 19. Kg1 Qe4 20. Qxe4 Nxe4 21. Rd4 Ng5 22. Rd3 f6 23. Bd6 Rfd8 24. f4 1/2-1/2

[Event "GER-ch42 V05 email"]
[Site "GER email"]
[Date "2010.04.08"]
[Round "?"]
[White "Graefen, Klaus"]
[Black "Grube, Frank"]
[Result "1/2-1/2"]
[WhiteElo "2187"]
[BlackElo "2073"]
[PlyCount "83"]
[EventDate "2010.04.19"]
[EventType "tourn (corr)"]
[EventRounds "12"]
[EventCountry "GER"]
[SourceTitle "Corr 2015"]
[Source "ChessBase"]
[SourceDate "2015.07.17"]
[SourceVersion "1"]
[SourceVersionDate "2015.07.17"]
[SourceQuality "1"]
[WhiteTeam "Germany"]
[BlackTeam "Germany"]
[WhiteTeamCountry "GER"]
[BlackTeamCountry "GER"]

1. e4 e5 2. Nf3 Nc6 3. Bb5 a6 4. Ba4 Nf6 5. 0-0 Be7 6. Re1 b5 7. Bb3 0-0 8. c3 d5 9. exd5 Nxd5 10. Nxe5 Nxe5 11. Rxe5 c6 12. d4 Bd6 13. Re1 Qh4 14. g3 Qh3 15. Be3 Bg4 16. Qd3 Rae8 17. Nd2 Re6 18. a4 Qh5 19. axb5 axb5 20. Nf1 Bf5 21. Qd1 Bg4 22. Qd3 Bf5 23. Qd2 Rfe8 24. Bc2 Bh3 25. Qd1 Bg4 26. Qd3 Qh3 27. Bd1 Bf5 28. Qd2 Be4 29. f3 Bg6 30. Bb3 h5 31. Ra6 h4 32. Rxc6 hxg3 33. Bxd5 gxh2+ 34. Kh1 Qh5 35. Rxd6 Rxd6 36. Bb3 Qxf3+ 37. Qg2 Rf6 38. Bd5 Qf5 39. Ng3 Qd3 40. Qh3 Rxe3 41. Qc8+ Kh7 42. Qh3+ 1/2-1/2

[Event "GER-ch42 V05 email"]
[Site "GER email"]
[Date "2010.04.08"]
[Round "?"]
[White "Graefen, Klaus"]
[Black "Jacobs, Rudolf"]
[Result "1/2-1/2"]
[WhiteElo "2187"]
[BlackElo "2159"]
[PlyCount "62"]
[EventDate "2010.04.19"]
[EventType "tourn (corr)"]
[EventRounds "12"]
[EventCountry "GER"]
[SourceTitle "Corr 2015"]
[Source "ChessBase"]
[SourceDate "2015.07.17"]
[SourceVersion "1"]
[SourceVersionDate "2015.07.17"]
[SourceQuality "1"]
[WhiteTeam "Germany"]
[BlackTeam "Germany"]
[WhiteTeamCountry "GER"]
[BlackTeamCountry "GER"]

1. e4 c5 2. Nf3 d6 3. d4 cxd4 4. Nxd4 Nf6 5. Nc3 a6 6. Be3 e5 7. Nf3 Be7 8. Bc4 0-0 9. 0-0 Be6 10. Qe2 Qc7 11. Bb3 Qc6 12. Qd3 Nbd7 13. Ng5 Bxb3 14. axb3 Rfc8 15. Rfc1 Nc5 16. Qc4 Ne6 17. Qxc6 Rxc6 18. Nd5 Bd8 19. Nxf6+ gxf6 20. Nxe6 fxe6 21. c3 Kf7 22. Rd1 f5 23. f3 h5 24. g3 Bc7 25. Kg2 Rd8 26. Rd2 d5 27. Rad1 Rcd6 28. Bc5 R6d7 29. Be3 Rd6 30. Bc5 R6d7 31. Be3 Rd6 1/2-1/2

[Event "GER-ch42 V05 email"]
[Site "GER email"]
[Date "2010.04.08"]
[Round "?"]
[White "Graefen, Klaus"]
[Black "Krebs, Juergen"]
[Result "1-0"]
[WhiteElo "2187"]
[BlackElo "2097"]
[PlyCount "85"]
[EventDate "2010.04.19"]
[EventType "tourn (corr)"]
[EventRounds "12"]
[EventCountry "GER"]
[SourceTitle "Corr 2015"]
[Source "ChessBase"]
[SourceDate "2015.07.17"]
[SourceVersion "1"]
[SourceVersionDate "2015.07.17"]
[SourceQuality "1"]
[WhiteTeam "Germany"]
[BlackTeam "Germany"]
[WhiteTeamCountry "GER"]
[BlackTeamCountry "GER"]

1. e4 c5 2. Nf3 Nc6 3. Bb5 g6 4. Bxc6 dxc6 5. d3 Bg7 6. h3 Nf6 7. Nc3 0-0 8. 0-0 Nd7 9. Be3 e5 10. Qd2 Qe7 11. Bh6 Nf6 12. Bxg7 Kxg7 13. Qe3 Nh5 14. Ne2 b6 15. a3 Qd6 16. b4 Be6 17. bxc5 bxc5 18. Qd2 Rab8 19. Rab1 Rb5 20. Qc3 f6 21. g4 Nf4 22. Nxf4 exf4 23. e5 fxe5 24. Rbe1 Bd5 25. Rxe5 Kg8 26. Nd2 Qf6 27. Rfe1 f3 28. R1e3 Rb7 29. Qxc5 Qh4 30. Re8 Rbf7 31. Kf1 Qxh3+ 32. Ke1 Ba2 33. Rxf8+ Rxf8 34. Qxf8+ Kxf8 35. Rxf3+ Qxf3 36. Nxf3 Ke7 37. c4 Bb3 38. g5 Kd6 39. Nd4 Ba4 40. f4 c5 41. Ne2 Bd7 42. Kd2 Be6 43. Nc3 1-0

[Event "GER-ch39 V09 email"]
[Site "GER email"]
[Date "2009.01.02"]
[Round "?"]
[White "Graefen, Klaus"]
[Black "Raupach, Frank"]
[Result "1/2-1/2"]
[WhiteElo "2189"]
[BlackElo "2280"]
[PlyCount "53"]
[EventDate "2007.??.??"]
[EventType "tourn (corr)"]
[EventRounds "12"]
[EventCountry "GER"]
[SourceTitle "Corr 2011"]
[Source "ChessBase"]
[SourceDate "2010.08.31"]
[SourceVersion "1"]
[SourceVersionDate "2010.08.31"]
[SourceQuality "1"]

1. e4 e6 2. d4 d5 3. Nd2 Nf6 4. e5 Nfd7 5. c3 c5 6. Bd3 Nc6 7. Ne2 cxd4 8. cxd4 f6 9. exf6 Nxf6 10. 0-0 Bd6 11. Nf3 Qc7 12. Nc3 a6 13. Bg5 0-0 14. Bh4 Nh5 15. Rc1 g6 16. Be2 Bf4 17. Rb1 b5 18. g3 Bh6 19. Bg5 Bxg5 20. Nxg5 Ng7 21. Bg4 Qb6 22. Nf3 Ra7 23. Bh3 Raf7 24. Bg2 Rf6 25. Rc1 a5 26. Re1 a4 27. a3 1/2-1/2

[Event "GER-ch39 V09 email"]
[Site "GER email"]
[Date "2009.01.02"]
[Round "?"]
[White "Kunzelmann, Fred"]
[Black "Graefen, Klaus"]
[Result "1/2-1/2"]
[WhiteElo "2325"]
[BlackElo "2189"]
[PlyCount "103"]
[EventDate "2007.??.??"]
[EventType "tourn (corr)"]
[EventRounds "12"]
[EventCountry "GER"]
[SourceTitle "Corr 2011"]
[Source "ChessBase"]
[SourceDate "2010.08.31"]
[SourceVersion "1"]
[SourceVersionDate "2010.08.31"]
[SourceQuality "1"]

1. e4 e5 2. Nf3 Nc6 3. Bb5 a6 4. Ba4 Nf6 5. 0-0 b5 6. Bb3 Be7 7. Re1 0-0 8. c3 d6 9. d4 Bg4 10. Be3 Bh5 11. h3 exd4 12. cxd4 Na5 13. Bc2 c5 14. g4 Bg6 15. Nbd2 Nd7 16. Qe2 Qc7 17. a4 Qb7 18. axb5 axb5 19. d5 h6 20. Bf4 Rfe8 21. b4 cxb4 22. Rab1 Nc4 23. Rxb4 Na3 24. Bd3 Ra4 25. Rxa4 bxa4 26. e5 dxe5 27. Bxg6 fxg6 28. Qd3 Qb5 29. Qxg6 Nf8 30. Qe4 Bd6 31. Bg3 Bb4 32. Re2 Re7 33. Nxe5 Nd7 34. Ndf3 Nf6 35. Qd4 Bc5 36. Qd1 Bd6 37. Kg2 Rc7 38. Ng6 Bxg3 39. Kxg3 Rc3 40. Re7 Qb3 41. Qe2 Qxd5 42. Nf4 Qc6 43. Qe6+ Qxe6 44. Nxe6 g5 45. Kg2 Nc4 46. Nfd4 Nd6 47. Rg7+ Kh8 48. Rg6 Ng8 49. Nd8 Nc4 50. Ra6 a3 51. Ra8 Rd3 52. N8e6 1/2-1/2

[Event "GER-ch39 V09 email"]
[Site "GER email"]
[Date "2009.01.02"]
[Round "?"]
[White "Soltau, Achim"]
[Black "Graefen, Klaus"]
[Result "1/2-1/2"]
[WhiteElo "2540"]
[BlackElo "2189"]
[PlyCount "84"]
[EventDate "2007.??.??"]
[EventType "tourn (corr)"]
[EventRounds "12"]
[EventCountry "GER"]
[SourceTitle "Corr 2011"]
[Source "ChessBase"]
[SourceDate "2010.08.31"]
[SourceVersion "1"]
[SourceVersionDate "2010.08.31"]
[SourceQuality "1"]

1. d4 Nf6 2. g3 c5 3. d5 e6 4. c4 exd5 5. cxd5 b5 6. Bg2 d6 7. Nf3 Be7 8. 0-0 0-0 9. Re1 Nbd7 10. e4 Bb7 11. Bf1 a6 12. a4 Qb6 13. Bf4 Ng4 14. Nh4 Nge5 15. Nf5 Bf6 16. Nd2 g6 17. Nh6+ Kh8 18. Ng4 Nxg4 19. Qxg4 Ne5 20. Qd1 Kg8 21. Be3 h5 22. h3 Qc7 23. axb5 axb5 24. Bxb5 Rxa1 25. Qxa1 Ra8 26. Qb1 Qc8 27. Kg2 Ba6 28. Bxa6 Qxa6 29. b3 h4 30. g4 Qc8 31. g5 Bg7 32. Qc2 Qa6 33. Rb1 Qb5 34. Bf4 Qe2 35. Qd1 Qb5 36. Bxe5 Bxe5 37. Nc4 Bd4 38. Qc2 Ra6 39. Re1 Qb8 40. Re2 Qb7 41. Qd3 Qe7 42. Qd2 Qb7 1/2-1/2

[Event "GER-ch40 V04 email"]
[Site "GER email"]
[Date "2008.04.28"]
[Round "?"]
[White "Graefen, Klaus"]
[Black "Fritsche, Frank"]
[Result "1/2-1/2"]
[WhiteElo "2189"]
[BlackElo "2033"]
[PlyCount "54"]
[EventDate "2008.??.??"]
[EventType "tourn (corr)"]
[EventRounds "10"]
[EventCountry "GER"]
[SourceTitle "Corr 2011"]
[Source "ChessBase"]
[SourceDate "2010.08.31"]
[SourceVersion "1"]
[SourceVersionDate "2010.08.31"]
[SourceQuality "1"]

1. e4 c5 2. Nf3 Nc6 3. Bb5 g6 4. Bxc6 dxc6 5. d3 Bg7 6. h3 b6 7. Nc3 Qc7 8. Be3 Nf6 9. Qd2 e5 10. Bh6 0-0 11. Bxg7 Kxg7 12. 0-0 Nh5 13. Ne2 a5 14. Qc3 Re8 15. a4 Kg8 16. b3 Qe7 17. Nd2 Qg5 18. Kh2 Ba6 19. g3 Rad8 20. Rae1 Rd6 21. Kg2 Qd8 22. Nc4 Bxc4 23. bxc4 f5 24. Ng1 f4 25. Nf3 fxg3 26. fxg3 Rde6 27. Re2 Nf6 1/2-1/2